000 00836cad a22001935a 4500
001 L151151
008 101004e2010 xxk 000 0 eng d
035 _a(Sirsi) u151151
041 0 _aeng
110 2 _aEC Harris Research
245 0 0 _aMarket insight
_bHong Kong, Summer 2010
_h[electronic resource]
260 _a[S.l.]
_bECHarris
_c2010
520 _aExamines the Hong Kong Tender Price Index (TPI); new build construction costs first quarter 2010; workload and tender prices; construction input costs; tender price indices second quarter 2010; tender price index outlook.
590 _aKA
651 4 _aHong Kong
690 _aBUILT ENVIRONMENT-CONSTRUCTION MARKET
856 4 8 _uhttps://www.echarris.com/pdf/0007669_Hong%20Kong%20market%20insight%20v4.pdf
_zView the website free of charge at www.echarris.com
942 _n0
999 _c111197
_d111197